00637nam a2200169 a 450000100100000000500170001000800410002702000150006804000250008324500730010826000490018130000270023049000400025783000470029795201060034499900170045000003622920200930074957.0120111s1993 cl a 000 0 spa d a9213213832 aDO-SdBNPbspacBNPHU03aEl impacto económico y social de las migraciones en centroamerica. aSantiago de Chile :bNaciones Unidas,c1993. a78 p. :bil. ;c22 cm.1 aEstudios e informes de la CEPALv89 0aEstudios e informes de la CEPALn89962305 0010507-18MOaGRbGRcOId2012-01-11iLF1l0o p36229-10r2020-06-25w2020-06-25y1ZNo se presta c35720d35720